000 00412nam a2200169Ia 4500
008 230524s9999 xx 000 0 und d
020 _a9788127251406
082 _a332.042
_bPAU
100 _aR.R.Paul
245 0 _aMoney Banking And International Trade
250 _a8TH
260 _aLUDHIANA
_bKalyani
_c2009
300 _aXII;210
500 _aQuantity Number: 80
650 _aEconomics
942 _cBK
999 _c43800
_d43800